000 00454nam a2200181Ia 4500
001 18452
005 20260306171631.0
008 260306s9999||||xx |||||||||||||| ||und||
041 _aESP
082 _a658.404
_bT72
100 _aToro López, Francisco J.
_eAUT
245 0 _aProyectos planeación y control:
_bproject - excel
260 _c2009
300 _a300 páginas :
_c24 cm.
650 _aGEN
654 _aCAN
942 _cLIB
_dJUS
_fJUS
_2ddc
_n
999 _c18452
_d18452